000 00468nam a2200157 4500
001 108191
003 ES-MaACL
005 20230906184610.0
007 t|
008 061121s1961 sp r ||||1| spa d
100 1 _aMolons, Julio.
_982066
245 1 0 _aRutas y pueblos del MediterrĂ¡neo
_b: ( historia de 12000 km en un cochecito) /
_cJulio Molons.
260 _aBarcelona :
_bCanigo,
_c1961.
300 _a103 p. ;
_c21 cm.
852 _aES-MaACL
_jF-14064
_bR.48092
999 _c108191
_d108191